000 00838nam a2200253Ia 4500
003 OSt
005 20220923215601.0
006 a|||||r|||| 00| 0
007 ta
008 220922b |||||||| |||| 00| 0 hin d
024 _a180,010
037 _cTextual
040 _aARTS
_cARTS
_bhin
041 _2hin
_ahin
082 _aO152,1J55:g, N7
100 _aमुदगल, शंकर बसन्त
_9156273
245 0 _aकेशव की काव्यकला
246 _aKeshav kī kāvyakalā
260 _aकानपुर
_b चन्द्रलोक प्रकाशन
_c1997
300 _a159 पृ.
_ccm.
650 _aहिन्दी साहित्य
_9156264
942 _hO152,1J55:g, N7
_cTEXL
_2CC
999 _c333391
_d333391